[Event "Calvia Amateur op 19th"]
[Site "Calvia"]
[Date "2022.10.14"]
[Round "7"]
[White "Acciaioli, Giacomo"]
[Black "Dudink, Bas"]
[Result "0-1"]
[WhiteElo "1617"]
[BlackElo "1937"]
[PlyCount "122"]
[EventDate "2022.10.08"]
[EventType "swiss"]
[EventRounds "9"]
[EventCountry "ESP"]
[SourceTitle "CBM 210 Extra"]
[Source "ChessBase"]
[SourceDate "2022.11.30"]
[SourceVersion "1"]
[SourceVersionDate "2022.11.30"]
[SourceQuality "1"]

1. e4 c6 2. d4 d5 3. Nc3 dxe4 4. Nxe4 Nf6 5. Nxf6+ exf6 6. c3 Bd6 7. Bd3 0-0 8. Be3 Re8 9. Nf3 Bg4 10. h3 Bh5 11. g4 Bg6 12. Bxg6 hxg6 13. Qb3 Bf4 14. 0-0-0 Qc7 15. Rhe1 Nd7 16. Nd2 b5 17. d5 Bxe3 18. Rxe3 Rxe3 19. fxe3 Nc5 20. Qa3 cxd5 21. Nb3 Ne4 22. Qa5 Qc4 23. Nd2 Qe2 24. Nxe4 dxe4 25. Rd8+ Rxd8 26. Qxd8+ Kh7 27. Qd4 f5 28. gxf5 gxf5 29. Qxa7 Qf1+ 30. Kd2 Qxh3 31. Qxf7 Qg2+ 32. Ke1 Qg3+ 33. Ke2 Qg4+ 34. Ke1 Kh6 35. Qe6+ Kh5 36. Qe7 Qg1+ 37. Ke2 Qg2+ 38. Ke1 Qg3+ 39. Kd2 Qf2+ 40. Kd1 Qf1+ 41. Kc2 Qe2+ 42. Kb3 Qc4+ 43. Kc2 g5 44. Qd7 Qd3+ 45. Qxd3 exd3+ 46. Kxd3 Kh4 47. Ke2 Kh3 48. c4 bxc4 49. a4 g4 50. a5 g3 51. a6 g2 52. a7 g1Q 53. a8Q Qg2+ 54. Qxg2+ Kxg2 55. Kd2 Kf2 56. Kc3 Kxe3 57. Kxc4 f4 58. b4 f3 59. b5 f2 60. Kc5 f1Q 61. Kb6 Kd4 0-1

[Event "Calvia Amateur op 19th"]
[Site "Calvia"]
[Date "2022.10.12"]
[Round "5"]
[White "Becerra, Juan David"]
[Black "Dudink, Bas"]
[Result "1-0"]
[WhiteElo "2296"]
[BlackElo "1937"]
[PlyCount "103"]
[EventDate "2022.10.08"]
[EventType "swiss"]
[EventRounds "9"]
[EventCountry "ESP"]
[SourceTitle "CBM 210 Extra"]
[Source "ChessBase"]
[SourceDate "2022.11.30"]
[SourceVersion "1"]
[SourceVersionDate "2022.11.30"]
[SourceQuality "1"]

1. e4 c6 2. d4 d5 3. exd5 cxd5 4. Bd3 Nf6 5. h3 Nc6 6. c3 e5 7. dxe5 Nxe5 8. Bc2 Bc5 9. Nf3 Nxf3+ 10. Qxf3 0-0 11. 0-0 h6 12. Nd2 Re8 13. Nb3 Bb6 14. Bf4 Bc7 15. Rad1 Bxf4 16. Qxf4 Qb6 17. Rfe1 Bd7 18. Qd4 Qxd4 19. Nxd4 Nh5 20. Bb3 Nf4 21. Re3 Re4 22. Bc2 Rxe3 23. fxe3 Nh5 24. Ne2 Bc6 25. Nf4 Nf6 26. Bb3 Re8 27. Nxd5 Nxd5 28. Bxd5 Bxd5 29. Rxd5 Re7 30. Kf2 g5 31. c4 Re6 32. Rd7 Rb6 33. b3 a5 34. Rd8+ Kg7 35. Ra8 Rf6+ 36. Ke2 b6 37. c5 bxc5 38. Rxa5 Rc6 39. Kd3 f5 40. Kc4 Re6 41. Rxc5 Rxe3 42. Rxf5 Re2 43. a4 Rxg2 44. a5 Ra2 45. Kb5 Kg6 46. Rc5 h5 47. a6 Ra3 48. Kb6 Rxb3+ 49. Rb5 Rxh3 50. a7 Ra3 51. Ra5 Rb3+ 52. Ka6 1-0

[Event "Calvia Amateur op 16th"]
[Site "Calvia"]
[Date "2019.10.08"]
[Round "4"]
[White "Dudink, Bas"]
[Black "Kirkwood, Robin"]
[Result "1-0"]
[WhiteElo "1939"]
[BlackElo "1628"]
[PlyCount "41"]
[EventDate "2019.10.05"]
[EventType "swiss"]
[EventRounds "9"]
[EventCountry "ESP"]
[SourceTitle "CBM 192 Extra"]
[Source "Chessbase"]
[SourceDate "2019.11.06"]
[SourceVersion "1"]
[SourceVersionDate "2019.11.06"]
[SourceQuality "1"]

1. d4 b6 2. c4 Bb7 3. Nc3 e6 4. a3 d6 5. e4 g6 6. Be3 Bg7 7. Bd3 Ne7 8. Nge2 h6 9. Qd2 Nd7 10. f4 f5 11. 0-0 Nf6 12. Qc2 d5 13. cxd5 exd5 14. exf5 Nxf5 15. Bxf5 gxf5 16. Qxf5 Qe7 17. Bf2 0-0 18. Rfe1 Ne4 19. Nxd5 Bxd5 20. Qxd5+ Kh8 21. Ng3 1-0

[Event "Korbach op 9th"]
[Site "Korbach"]
[Date "2017.10.21"]
[Round "5"]
[White "Dudink, Bas"]
[Black "Aardenburg, Piet"]
[Result "1-0"]
[WhiteElo "1951"]
[BlackElo "1782"]
[PlyCount "82"]
[EventDate "2017.10.19"]
[EventType "swiss"]
[EventRounds "7"]
[EventCountry "GER"]
[SourceTitle "CBM 181 Extra"]
[Source "ChessBase"]
[SourceDate "2017.12.12"]
[SourceVersion "1"]
[SourceVersionDate "2017.12.12"]
[SourceQuality "1"]

1. d4 d5 2. c4 c6 3. Nf3 Nf6 4. Nc3 dxc4 5. e3 b5 6. a4 b4 7. Na2 a5 8. Bxc4 e6 9. 0-0 Be7 10. Re1 Bb7 11. Bd2 0-0 12. Nc1 Nbd7 13. Nb3 Qc7 14. e4 h6 15. e5 Nd5 16. Qe2 N5b6 17. Bd3 Rfc8 18. Qe4 Nf8 19. Qg4 Kh8 20. Qh5 Kg8 21. Re4 Ba6 22. Bc2 f5 23. exf6 Bxf6 24. Rg4 Qf7 25. Qxh6 Be2 26. Qe3 Qh5 27. h3 Bc4 28. Nc5 Bd5 29. Qf4 Qf7 30. Re1 Nc4 31. Bc1 Rd8 32. h4 Bxf3 33. Qxf3 Bxd4 34. Nxe6 Qxf3 35. gxf3 Nxe6 36. Rxe6 Bxb2 37. Bxb2 Nxb2 38. Re7 Re8 39. Rgxg7+ Kh8 40. Rh7+ Kg8 41. Bb3+ Kf8 1-0

[Event "Korbach op 9th"]
[Site "Korbach"]
[Date "2017.10.20"]
[Round "3"]
[White "Dudink, Bas"]
[Black "Heinemann, Ernst"]
[Result "0-1"]
[WhiteElo "1951"]
[BlackElo "2099"]
[PlyCount "142"]
[EventDate "2017.10.19"]
[EventType "swiss"]
[EventRounds "7"]
[EventCountry "GER"]
[SourceTitle "CBM 181 Extra"]
[Source "ChessBase"]
[SourceDate "2017.12.12"]
[SourceVersion "1"]
[SourceVersionDate "2017.12.12"]
[SourceQuality "1"]

1. d4 Nf6 2. c4 c5 3. d5 b5 4. cxb5 a6 5. bxa6 e6 6. Nc3 Nxd5 7. Nxd5 exd5 8. Qxd5 Nc6 9. e4 Be7 10. Nf3 Bxa6 11. Bd2 Qb6 12. Bc3 0-0 13. Bc4 Nb4 14. Bxb4 Qxb4+ 15. Nd2 Bb7 16. Qd3 Bg5 17. Qc3 Qxc3 18. bxc3 Bxd2+ 19. Kxd2 Bxe4 20. f3 Bc6 21. Rhb1 g6 22. Rb6 Ra5 23. Ra6 Rxa6 24. Bxa6 Ra8 25. Bc4 Kf8 26. Bb3 d5 27. a4 Rb8 28. Bc2 Ra8 29. a5 Bb5 30. h4 Ke7 31. g4 Kd6 32. f4 h6 33. Bd1 Ra7 34. Bf3 c4 35. Ke3 Kc5 36. Rd1 Bc6 37. Ra1 f6 38. Ra2 Ra6 39. Ra1 Be8 40. Ra2 Bb5 41. Ra1 Re6+ 42. Kd2 d4 43. cxd4+ Kxd4 44. Ra3 Ba6 45. Rc3 Re7 46. Bg2 Rc7 47. Kc2 Rc5 48. Ra3 g5 49. fxg5 fxg5 50. hxg5 hxg5 51. Bf1 Re5 52. Kd1 Re4 53. Be2 Re5 54. Bf1 Re6 55. Rf3 Bb5 56. Ra3 Rf6 57. Be2 Re6 58. Bf1 Kc5 59. Ra1 Rf6 60. Be2 Kb4 61. Kc2 Rf2 62. Kd1 Rg2 63. Bf1 Rg1 64. Kc2 Ba4+ 65. Kd2 c3+ 66. Ke3 Kxa5 67. Kd3 Kb4 68. Rb1+ Bb3 69. Ke2 Rxg4 70. Bh3 Rd4 71. Ke3 c2 0-1